Welcome to the Holygrace Academy Library

Please use search bar below to get started

MANIMUZHAKKAM (Record no. 7701)

MARC details
000 -LEADER
fixed length control field 00197nam a22000977a 4500
082 ## - DEWEY DECIMAL CLASSIFICATION NUMBER
Classification number 823
Item number CHE/M
100 ## - MAIN ENTRY--AUTHOR NAME
Personal name MANI K CHENTHAPOORU
245 ## - TITLE STATEMENT
Title MANIMUZHAKKAM
650 ## - SUBJECT ADDED ENTRY--TOPICAL TERM
Topical Term MALAYALAM STORY
942 ## - ADDED ENTRY ELEMENTS (KOHA)
Koha item type Books
Holdings
Withdrawn status Lost status Collection code Home library Current library Date acquired Full call number Accession Number Koha item type
Withdrawn Damaged Item Fiction Main Library Main Library 08/01/2005 823 CHE/M 01901 Books